| 000 | 01063nam a22003137a 4500 | ||
|---|---|---|---|
| 003 | CHAP | ||
| 005 | 20220329135113.0 | ||
| 008 | 971013s1949 r 00010 d | ||
| 010 | _a30972 | ||
| 011 | _a31944 | ||
| 035 | _a36056 | ||
| 040 | _cCHAP | ||
| 082 |
_a674.4 _bL5 |
||
| 100 | 0 | 0 |
_aLister, Sydney. _967102 |
| 245 | _aManual of machine woodworking | ||
| 260 |
_aLondon : _bLomax Erskine & Co., _c1949- |
||
| 300 |
_a5 v. _b: ilus. |
||
| 500 | _aLa biblioteca tiene: v.1, 4 | ||
| 505 | _aContenido: v.1 Conversión.- v.2 Saws and sawing.- v.3 Planers and planing.- v.4 Boring, Mortesing and tenoning.- v.5 Sanders and sanding | ||
| 590 |
_aBATCH-UPD _b10 _c20130110 _lUCH01 _h0019 |
||
| 590 |
_aBATCH-UPD _b10 _c20130409 _lUCH01 _h1958 |
||
| 590 |
_aBATCH-UPD _b10 _c20130914 _lUCH01 _h1226 |
||
| 590 |
_aCONVERSION _b10 _c20130109 _lUCH01 _h1318 |
||
| 650 | 1 | 4 |
_aEbanisterÃa. _935021 |
| 901 | _aBK | ||
| 942 | _cLIBRO | ||
| 949 |
_a674.4 L5 _bBC _cBPA _d-83157 _eBPA _fv.1 _h25446 _i36056 _si |
||
| 949 |
_a674.4 L5 _bBC _cBPA _d-83158 _eBPA _fv.4 _h25447 _i36056 _si |
||
| 999 |
_c30972 _d30972 |
||